Moduli of curves /
Uložené v:
| Hlavný autor: | |
|---|---|
| Médium: | Kniha |
| Jazyk: | English |
| Vydané: |
Berlin : Heidelberg New York.
Springer Verlag,
1982
|
| Vydanie: | 1st ed. |
| ISBN: |
(brož.) |
| Fyzický popis: |
99 s. |
| Tagy: |
Pridať tag
Žiadne tagy, Buďte prvý kto otaguje tento záznam!
|
Titul je dostupný aj v ... 

MARC
| LEADER | 00000nam a22000004a 4500 | ||
|---|---|---|---|
| 001 | 000550430 | ||
| 005 | 20170709174300.0 | ||
| 008 | 170709 1982 gw e eng d | ||
| 020 | |a (brož.) |c Kčs 220,00 | ||
| 040 | |a SVKKK |b slo |c SVKKK |e AACR2 | ||
| 041 | 0 | |a eng | |
| 044 | |a gw |c DE | ||
| 100 | 1 | |a Gieseker, D. |4 aut | |
| 245 | 1 | 0 | |a Moduli of curves / |c D. Gieseker. |
| 250 | |a 1st ed. | ||
| 260 | |a Berlin : |b Springer Verlag, |c 1982 |a Heidelberg |a New York. | ||
| 300 | |a 99 s. | ||
| 910 | |a svkkk | ||
| 998 | |a BK | ||
| 090 | |g SCKHL |k Sklad Pribinova prízemie |a IV.125192 |j 689254 |i 550430-10 |s Absenčne | ||